00496nam a2200181Ia 450000500170000000800410001704000190005804100120007708200170008910000140010624500550012026000370017530000270021250400240023965000140026365100270027785000100030420240207093726.0131103s9999 xx 000 0 und d aLoreto College aEnglish a370.15 bPEE aPeel,E.A. 4aThe Psychological Basis of Education, cE.A.Peel aEdinburghbOliver and Boydc1956 avii,299 p.b ill.,fig. a2nd impression 1958 aEducation aEducational Psychology aLCLIB